Norwich City: The Premier League Years - Statistics

General Stats
  • This quiz has been taken 62 times
  • The average score is 15 of 40
Answer Stats
Answer % Correct
Teemu Pukki
92%
Daniel Farke
79%
Grant Holt
73%
Dean Smith
60%
Bryan Gunn
58%
Chris Sutton
58%
Alex Neil
56%
Chris Hughton
54%
Paul Lambert
54%
Grant Hanley
52%
Mike Walker
50%
Neil Adams
48%
Russell Martin
46%
Tim Krul
46%
Wes Hoolahan
46%
Nigel Worthington
42%
Dean Ashton
40%
Mark Robins
38%
Gary Hooper
33%
Robert Green
33%
Sébastien Bassong
33%
John Deehan
31%
Bradley Johnson
27%
Jonny Howson
27%
Darren Huckerby
25%
Ian Butterworth
25%
Robert Snodgrass
25%
Mark Bowen
23%
Nathan Redmond
23%
Dieumerci Mbokani
21%
Gary Megson
21%
Ian Culverhouse
19%
Kenny McLean
19%
Leon McKenzie
19%
Ashley Ward
17%
David Phillips
17%
Damien Francis
15%
Craig Fleming
13%
John Polston
10%
Jon Newsome
8%
No matching quizzes found
Score Distribution
Percent of People with Each Score
Percentile by Number Answered
Your Score History
You have not taken this quiz